(Ne)spokojenost pracovníků úřadů práce s digitalizací dávek státní sociální podpory

Digitalizácia dávok štátnej sociálnej podpory na Úradoch práce v Českej republike a jej vplyv na zamestnancov. Cieľom je zistiť, či si títo pracovníci osvojili nové zavedenie nástrojov digitalizácie dávok štátnej sociálnej podpory, ktorá je súčasťou transformácie a modernizácie úradov práce, a či st...

ver descrição completa

Na minha lista:
Detalhes bibliográficos
Autor principal: Veselá Hiekischová, Michaela
Outros Autores: Růžičková, Erika
Formato: Capítulo de Livro
Idioma:tcheco
Assuntos:
Tags: Adicionar Tag
Sem tags, seja o primeiro a adicionar uma tag!

MARC

LEADER 00000naa a2200000 4500
001 0308044
005 20250408135112.0
041 0 |a cze 
044 |a CZ 
245 1 0 |a (Ne)spokojenost pracovníků úřadů práce s digitalizací dávek státní sociální podpory  |c Michaela Veselá Hiekischová, Erika Růžičková 
520 |a Digitalizácia dávok štátnej sociálnej podpory na Úradoch práce v Českej republike a jej vplyv na zamestnancov. Cieľom je zistiť, či si títo pracovníci osvojili nové zavedenie nástrojov digitalizácie dávok štátnej sociálnej podpory, ktorá je súčasťou transformácie a modernizácie úradov práce, a či stotožnenie sa s cieľmi organizácie a procesom ich dosahovania vyvolalo spokojnosť alebo nespokojnosť pracovníkov. 
610 2 0 |a Česko 
610 2 0 |a úrady práce 
610 2 0 |a technológie nové 
610 2 0 |a organizácia práce 
610 2 0 |a digitalizácia 
610 2 0 |a spokojnosť v práci 
610 2 0 |a zamestnanci odborní 
100 1 |a Veselá Hiekischová, Michaela 
700 1 |a Růžičková, Erika